[Event "Open A"]
[Site "Le Touquet FRA"]
[Date "2006.10.31"]
[Round "5"]
[White "Pirouelle,M"]
[Black "Warkentin,J"]
[Result "0-1"]
[WhiteElo "1700"]
[BlackElo "2026"]

1.d4 g6 2.e4 Bg7 3.Nc3 d6 4.h3 Nd7 5.Nf3 c5 6.d5 a6 7.Bd3 b5 8.O-O f6 9.Bf4 Nh6
10.Re1 Nf7 11.Qd2 O-O 12.Rad1 Qc7 13.a3 Nde5 14.Nxe5 dxe5 15.Be3 Bd7 16.Nb1 c4
17.Be2 f5 18.exf5 gxf5 19.f4 Nd6 20.Bf3 e4 21.Be2 Rac8 22.c3 Nb7 23.Bd4 Bf6
24.Qe3 Rf7 25.Nd2 Bxd4 26.cxd4 Qd6 27.Nf1 Qxd5 28.Ng3 Nd6 29.Nh5 Kh8 30.Rc1 Ne8
31.Ng3 Nf6 32.Red1 Rg7 33.b3 Qg8 34.Nh5 Rxg2+ 35.Kh1 Nxh5 36.Bxh5 Rg3 37.Bf7 Qg7  0-1

[Event "Petersburg Autumn"]
[Site "St Petersburg RUS"]
[Date "2006.11.01"]
[Round "2"]
[White "Urjubdshzirov,E"]
[Black "Utkin,Alek"]
[Result "0-1"]
[WhiteElo "2197"]
[BlackElo "2374"]

1.e4 g6 2.d4 Bg7 3.Nc3 d6 4.f4 a6 5.Be3 b5 6.Bd3 Nd7 7.Nf3 Bb7 8.O-O c5 9.dxc5 Nxc5
10.Bxc5 dxc5 11.e5 Nh6 12.Be4 Bxe4 13.Qxd8+ Rxd8 14.Nxe4 Rc8 15.c4 Nf5 16.Rfc1 b4
17.a3 b3 18.Ned2 Rb8 19.Rc3 O-O 20.Nxb3 f6 21.Nxc5 Rxb2 22.Nxa6 fxe5 23.fxe5 Bh6
24.Re1 Rd8 25.Kh1 Ne3 26.Nb4 Nxg2 27.Rg1 Nf4 28.Nc6 Ne2 29.Nxd8 Nxc3 30.Nc6 Be3
31.Rf1 Kf7 32.Ncd4 Ke8 33.c5 Ne4 34.c6 Nf2+ 35.Kg2 Nd3+ 36.Kg3 Bf4+ 37.Kh3 Nxe5
38.Ne6 Nd3 39.Nxf4 Nxf4+ 40.Kg4 Nd5 41.Rc1 Rg2+ 42.Kh4 h5 43.Rc4 Kd8 44.a4 Kc7
45.a5 Ne3 46.Rc3 Rg4+ 47.Kh3 Nd5  0-1

[Event "Sub Zonal 2.3.2C"]
[Site "Panama PAN"]
[Date "2006.11.03"]
[Round "4"]
[White "Aguilar,G"]
[Black "Haskins,M"]
[Result "1-0"]
[WhiteElo "2001"]
[BlackElo "2220"]

1.e4 d6 2.d4 g6 3.Nc3 Bg7 4.f4 c5 5.d5 Nd7 6.Nf3 a6 7.a4 Qc7 8.Be2 Ngf6 9.O-O Rb8
10.Kh1 c4 11.e5 Ng4 12.e6 Ndf6 13.exf7+ Kxf7 14.Ng5+ Kg8 15.Ne6 Bxe6 16.dxe6 h5
17.Nd5 Nxd5 18.Qxd5 Qc5 19.Qxc5 dxc5 20.Bxc4 Bd4 21.h3 b5 22.axb5 axb5 23.Be2 c4
24.c3 Bc5 25.g3 Nf6 26.f5 Kg7 27.Bf4 Ra8 28.fxg6 Kxg6 29.Bf3 Rxa1 30.Rxa1 b4
31.Ra5 bxc3 32.bxc3 Bf2 33.Rg5+ Kh7 34.Kg2 Be1 35.Be5 Rf8 36.Bd4 Kh6 37.Rc5 Rg8
38.Bf2 Bxc3 39.Rxc4 Be5 40.Be3+ Kg6 41.Rc5 Bd6 42.Rg5+ Kh7 43.Rxg8 Kxg8 44.Bd4 h4
45.gxh4 Nh7 46.Bh5 Nf8 47.Bf7+ Kh7 48.h5 Kh6 49.Be3+ Kh7 50.Bg5 Kh8 51.Be3 Bb4
52.Kf3 Bc3 53.Ke4 Kh7 54.Bg5 Bb4 55.Kf5 Kg7 56.h6+ Kh7 57.h4 Ba3 58.h5 Bb4
59.Bf4 Bc3 60.Bg6+ Kg8 61.Bg5 Bb4 62.Bh4 Ba3 63.Ke4 Nh7 64.Bxh7+ Kxh7 65.Bg5 Kg8
66.Kd5 Kf8 67.Bf4 Kg8 68.Be5 Bc1 69.Bg7 Bg5 70.Kc6 Bh4 71.Kd7 Bg5 72.Ke8 Bh4
73.Bf8 Bg5 74.h7+ Kxh7 75.Kf7 Bh4 76.Bxe7 Be1 77.Bg5 Bb4 78.e7  1-0

[Event "VII Rapid"]
[Site "El Sauzal ESP"]
[Date "2006.11.04"]
[Round "3"]
[White "Munoz Pantoja,M"]
[Black "Morales,Jul"]
[Result "1-0"]
[WhiteElo "2483"]
[BlackElo "2195"]

1.e4 g6 2.d4 d6 3.Nc3 Bg7 4.Bg5 Nc6 5.Nge2 h6 6.Be3 Nf6 7.f3 e5 8.Qd2 exd4
9.Nxd4 Nxd4 10.Bxd4 Be6 11.O-O-O O-O 12.g4 a6 13.h4 h5 14.g5 Ne8 15.f4 Bxd4
16.Qxd4 Ng7 17.Bh3 Bxh3 18.Rxh3 Ne6 19.Qd2 c6 20.f5 Nc5 21.b4  1-0

[Event "Venetian Autumn"]
[Site "Venice ITA"]
[Date "2006.11.04"]
[Round "2"]
[White "Dvirnyy,D"]
[Black "Grandesso,E"]
[Result "1-0"]
[WhiteElo "2323"]
[BlackElo "1967"]

1.e4 g6 2.d4 Bg7 3.Nc3 d6 4.f4 Nf6 5.Nf3 O-O 6.Be2 c5 7.dxc5 dxc5 8.e5 Ng4
9.Qxd8 Rxd8 10.h3 Nh6 11.g4 Nc6 12.Be3 b6 13.O-O Bb7 14.Rfd1 Nb4 15.Rac1 Nd5
16.Nxd5 Bxd5 17.c4 Bb7 18.Ng5 Bc6 19.a3 f6 20.Rxd8+ Rxd8 21.Ne6 Rc8 22.Nxg7 Kxg7
23.exf6+ exf6 24.b4 Be4 25.Rd1 Rc7 26.Bc1 Kf7 27.Rd8 Ng8 28.Bb2 Ne7 29.Rd6 Ng8
30.Rd8 Ne7 31.g5 fxg5 32.fxg5 Nf5 33.Be5 Re7 34.Bf6 Rc7 35.Rh8 Ke6 36.Re8+ Ne7
37.Bg4+ Bf5 38.b5 Kd6 39.Kf2 Bxg4 40.hxg4 Ke6 41.Ke3 h5 42.gxh5 gxh5 43.Kf4 Kf7
44.Rxe7+ Rxe7 45.Bxe7 Kxe7 46.Kg3 Kf7 47.Kh4 Kg6 48.a4  1-0

[Event "Venetian Autumn"]
[Site "Venice ITA"]
[Date "2006.11.04"]
[Round "3"]
[White "Rorato,G"]
[Black "Coratella,G"]
[Result "0-1"]
[WhiteElo "2039"]
[BlackElo "2224"]

1.d4 g6 2.e4 Bg7 3.Nc3 d6 4.Be3 Nd7 5.Qd2 e5 6.Nge2 Ngf6 7.f3 a6 8.Bh6 Nxe4
9.Nxe4 Qh4+ 10.g3 Qxh6 11.f4 exf4 12.Nxf4 O-O 13.O-O-O Nf6 14.Nf2 Nh5 15.Nxh5 Qxh5
16.Be2 Qh6 17.c3 Qxd2+ 18.Kxd2 Bh6+ 19.Kc2 Bf5+ 20.Bd3 Bxd3+ 21.Kxd3 Rae8
22.Ng4 Bg7 23.b3 f5 24.Nf2 Re7 25.Rde1 Rfe8 26.Rxe7 Rxe7 27.c4 Bh6 28.Nd1 Re4
29.d5 Bg7 30.Rf1 Kf7 31.Nf2 Rd4+ 32.Ke3 Ke7 33.h3 b5 34.Rd1 Rxd1 35.Nxd1 bxc4
36.bxc4 Be5 37.Kf3 Bd4  0-1

[Event "VII Rapid"]
[Site "El Sauzal ESP"]
[Date "2006.11.05"]
[Round "6"]
[White "Spraggett,K"]
[Black "Todorcevic,M"]
[Result "1-0"]
[WhiteElo "2610"]
[BlackElo "2465"]

1.e4 g6 2.d4 Bg7 3.Nc3 d6 4.Be3 Nf6 5.Nf3 O-O 6.Qd2 c6 7.h3 b5 8.Bd3 a6 9.O-O Nbd7
10.Ne2 e5 11.c3 Qe7 12.Ng3 Re8 13.Rfe1 Bb7 14.a4 Rad8 15.axb5 cxb5 16.Bc2 Rc8
17.b4 exd4 18.cxd4 Nb6 19.Bg5 Qf8 20.Bd3 Nc4 21.Qa2 Nd7 22.Rac1 d5 23.Qb3 dxe4
24.Bxe4 Bxe4 25.Nxe4 Ndb6 26.Nc5 Rxe1+ 27.Rxe1 Re8 28.Rd1 Nd5 29.Ne5 h6 30.Nxc4 hxg5
31.Ne5 Nf4 32.Re1 Bxe5 33.dxe5 Qe7  1-0

[Event "Femida w"]
[Site "Kharkiv UKR"]
[Date "2006.11.05"]
[Round "7"]
[White "Doluhanova,E"]
[Black "Vozovic,O"]
[Result "0-1"]
[WhiteElo "2219"]
[BlackElo "2352"]

1.e4 g6 2.d4 Bg7 3.Nc3 d6 4.Be3 Nc6 5.d5 Nb8 6.Qd2 c5 7.Be2 Na6 8.h3 Nc7
9.Nf3 b6 10.O-O Bb7 11.Rab1 Nf6 12.Bh6 O-O 13.Bxg7 Kxg7 14.Nh2 e6 15.Bf3 Ba6
16.Rfe1 e5 17.Ng4 Ng8 18.Rbd1 h6 19.Be2 Bxe2 20.Nxe2 f5 21.exf5 gxf5 22.Ne3 f4
23.Ng4 Nf6 24.Nxf6 Rxf6 25.g3 Qd7 26.g4 h5 27.f3 Rh8 28.Kg2 Rg6 29.Rh1 Ne8
30.Kf2 Nf6 31.gxh5 Rxh5 32.Rdg1 Qf5 33.Rxg6+ Kxg6 34.h4 Kf7 35.Nc3 Qh7 36.Nb5 Ke7
37.Nxa7 Rxh4 38.Rxh4 Qxh4+ 39.Ke2 e4 40.fxe4 Qg4+ 41.Kd3 Qg3+ 42.Kc4 f3 43.Nc6+ Kf7
44.e5 dxe5 45.Qe3 e4 46.Nd8+ Ke7 47.Nc6+ Kf7 48.Nd8+ Kg8 49.Qh6 b5+ 50.Kxc5 Qg7
51.Qf4 Qe7+ 52.d6 Qxd8 53.Kxb5 Kf7 54.c4 Qb8+ 55.Ka5 Qxb2 56.c5 f2 57.c6 Qxa2+
58.Kb6 Ke6 59.Qc1 Qb3+ 60.Kc7 Ne8+ 61.Kd8 Qb8+  0-1

[Event "It"]
[Site "Klaksvik FAI"]
[Date "2006.11.05"]
[Round "2"]
[White "Simonsen,H"]
[Black "Danielsen,Hen"]
[Result "0-1"]
[WhiteElo "2262"]
[BlackElo "2524"]

1.e4 g6 2.d4 Bg7 3.Nc3 d6 4.Be3 c6 5.Qd2 b5 6.f4 Nf6 7.e5 b4 8.exf6 bxc3
9.bxc3 Bxf6 10.Nf3 Qa5 11.Bd3 Nd7 12.O-O Nb6 13.f5 Bxf5 14.Bg5 O-O 15.Rae1 Rae8
16.Bh6 Bg7 17.Bxg7 Kxg7 18.Bxf5 Qxf5 19.Ne5 Qc8  0-1

[Event "TCh-ROM Divizia A Feminin"]
[Site "Predeal ROM"]
[Date "2006.11.05"]
[Round "2"]
[White "Mosnegutu,M"]
[Black "Cretan,I"]
[Result "1-0"]
[WhiteElo "2225"]
[BlackElo "1732"]

1.e4 d6 2.d4 g6 3.Nc3 Bg7 4.Be3 Nd7 5.Bc4 Nb6 6.Bb3 e6 7.Qd2 Bd7 8.h3 c6
9.Nf3 Qc7 10.Bf4 f6 11.Ne2 e5 12.dxe5 dxe5 13.Be3 O-O-O 14.O-O-O Kb8 15.Kb1 Ne7
16.Qb4 Nec8 17.Rd2 Na8 18.Rhd1 Ncb6 19.a4 Bf8 20.Qc3 Be7 21.a5 Nc8 22.Nxe5 fxe5
23.Rxd7 Bb4 24.Qd3 Rxd7 25.Qxd7 Qxd7 26.Rxd7 Bxa5 27.Bh6 Bc7 28.Bg7 Re8 29.Bf7 Re7
30.Rxe7 Nxe7 31.Bf6 Bd6 32.f4 exf4 33.e5 Bc5 34.Nxf4 Nf5 35.Bg8 Be3 36.Nd3 h6
37.Bh7 Nd4 38.Bxg6 Ne6 39.Bf5 Nac7 40.c3 Kc8 41.g3 Kd7 42.g4 Ke8 43.Bg6+ Kf8
44.Kc2 Nd5 45.h4 Ne7 46.Be4 Kf7 47.Kd1 Ng8 48.Bh8 Bb6 49.Bf5 Bd8 50.h5 Bc7
51.Ke2 Ng7 52.Kf3 Ne7 53.Bxg7 Kxg7 54.Ke4 b6 55.Nf4 Kf7 56.Bg6+ Kg8 57.Ne6 Bb8
58.Be8 c5 59.c4 a6 60.b3 Kh7 61.Nf4 Kg8 62.Bg6 Kf8 63.Ne6+ Kg8 64.Be8 Kh7
65.Nf4 Bc7 66.Nd5 Bd8 67.Nf4 Kg8 68.Ne6 b5 69.Nxd8 bxc4 70.bxc4 Kf8 71.Bd7 Ng8
72.Ne6+ Ke7 73.Nxc5 a5 74.Bb5 Kf8 75.Nb7  1-0

[Event "Femida w"]
[Site "Kharkiv UKR"]
[Date "2006.11.06"]
[Round "9"]
[White "Doluhanova,E"]
[Black "Karlovich,A"]
[Result "1/2-1/2"]
[WhiteElo "2219"]
[BlackElo "2276"]

1.e4 d6 2.d4 g6 3.Nc3 Bg7 4.Be3 Nf6 5.Qd2 Nbd7 6.Nf3 c6 7.Bd3 b5 8.a4 b4
9.Ne2 a5 10.c3 bxc3 11.bxc3 O-O 12.O-O Qc7  1/2-1/2

[Event "TCh-ROM Divizia A Masculin"]
[Site "Predeal ROM"]
[Date "2006.11.06"]
[Round "3"]
[White "Szabo,G ROM"]
[Black "Levay,S"]
[Result "1-0"]
[WhiteElo "2465"]
[BlackElo "2252"]

1.e4 g6 2.d4 Bg7 3.Nc3 d6 4.Bg5 Nd7 5.Qd2 a6 6.Nf3 b5 7.a4 b4 8.Nd5 a5 9.Bc4 c6
10.Nf4 Nb6 11.Bb3 Ba6 12.Nd3 Nf6 13.e5 Nfd5 14.exd6 Qxd6 15.O-O O-O 16.Rfe1 e6
17.Bh4 Bxd3 18.Bg3 Qe7 19.Qxd3 c5 20.Rad1 Rfc8 21.dxc5 Qxc5 22.Ne5 Re8 23.Qf3 Qf8
24.h4 h5 25.c4 bxc3 26.bxc3 Rac8 27.c4 Ne7 28.c5 Bxe5 29.Bxe5 Rxc5 30.Bd6 Rf5
31.Qb7 Nbc8 32.Ba3 Qg7 33.Qd7 Rf8 34.Bc2 Rd5 35.Rxd5 Nxd5 36.Bxf8 Qxf8 37.Bxg6 Ncb6
38.Qc6 fxg6 39.Rxe6 Kh7 40.Rxg6 Ne7 41.Qxb6 Nxg6 42.Qxa5 Nf4 43.Qc7+ Kg6
44.a5 Qf5 45.Qc6+ Kf7 46.Qf3 Ke6 47.a6 Nd5 48.Qxf5+ Kxf5 49.a7 Nb6 50.f3 Ke5
51.Kf2 Kd6 52.g4 Kc7 53.gxh5  1-0

[Event "10th OIBM"]
[Site "Bad Wiessee GER"]
[Date "2006.11.07"]
[Round "4"]
[White "Baeuml,U"]
[Black "Deglmann,L"]
[Result "0-1"]
[WhiteElo "2068"]
[BlackElo "2334"]

1.e4 g6 2.d4 Bg7 3.Nc3 d6 4.Be3 a6 5.Qd2 Nd7 6.a4 b6 7.Bc4 Bb7 8.h4 h6 9.h5 g5
10.Nge2 Ngf6 11.f3 e6 12.Ba2 Qe7 13.O-O-O b5 14.a5 c5 15.d5 e5 16.Ng3 Qd8
17.Nf5 Bf8 18.Ne2 Qc7 19.b4 Rc8 20.Bb1 cxb4 21.Qxb4 Nc5 22.Rd2 Be7 23.Nxe7 Kxe7
24.Ng3 Ng8 25.Bxc5 Qxc5 26.Qxc5 Rxc5 27.Kb2 Bc8 28.Ba2 Bd7 29.Ne2 Nf6 30.Nc1 b4
31.Nd3 Rxa5 32.Nxb4 Rb8 33.c3 Rc5 34.Bb3 Rb6 35.Ra1 a5 36.Nc6+ Bxc6 37.dxc6 Rcb5
38.Ra3 a4 39.c7 Kd7 40.Rxa4 Rxb3+ 41.Kc2  0-1

[Event "Petersburg Autumn"]
[Site "St Petersburg RUS"]
[Date "2006.11.08"]
[Round "9"]
[White "Karalkin,M"]
[Black "Kryschilovskij,A"]
[Result "1-0"]
[WhiteElo "2303"]
[BlackElo "2339"]

1.e4 g6 2.d4 Bg7 3.Nc3 d6 4.f4 c6 5.Nf3 Bg4 6.Be3 e6 7.h3 Bxf3 8.Qxf3 Ne7
9.e5 O-O 10.g4 Qa5 11.Bd3 c5 12.exd6 Nd5 13.Bd2 Nxc3 14.Qxb7 Qb6 15.Qxb6 axb6
16.Bxc3 cxd4 17.Bd2 Rd8 18.O-O Rxd6 19.f5 Nd7 20.fxe6 fxe6 21.Bc4 Kh8 22.a4 Rc8
23.Bb4 Rdc6 24.Bb5 R6c7 25.Rae1 Nc5 26.c3 e5 27.Kg2 Ra7 28.cxd4 exd4 29.Bxc5 bxc5
30.b3 Rd8 31.Re6 Bh6 32.Rc6 Bf8 33.g5 Kg7 34.Rf3 Bd6 35.h4 Rc7 36.Rb6 Ra7
37.Bc4 Re7 38.a5 Bb8 39.a6 Ba7 40.Rc6 Rf8 41.Rcf6 Rfe8 42.Rf7+ Kh8 43.Rxe7  1-0

[Event "Petersburg Autumn"]
[Site "St Petersburg RUS"]
[Date "2006.11.08"]
[Round "9"]
[White "Bogdanov,Al"]
[Black "Utkin,Alek"]
[Result "0-1"]
[WhiteElo "2196"]
[BlackElo "2374"]

1.e4 g6 2.d4 Bg7 3.Nc3 d6 4.f4 a6 5.Be3 b5 6.Be2 e6 7.Bf3 Ne7 8.e5 d5 9.a4 b4
10.Nce2 a5 11.Nc1 Nd7 12.Nd3 Ba6 13.Ne2 Nf5 14.Bf2 h5 15.g3 Bf8 16.Nec1 Be7
17.Nb3 c6 18.Be2 Kf8 19.O-O Kg7 20.Ne1 Bxe2 21.Qxe2 Qb6 22.Nf3 Qc7 23.h3 c5
24.dxc5 Bxc5 25.Nxc5 Nxc5 26.g4 hxg4 27.hxg4 Ne7 28.Kg2 Ne4 29.Bh4 Rac8 30.Rac1 Nc6
31.Rh1 Rh7 32.Qxe4 Rxh4 33.Qe3 d4 34.Qd2 Rhh8 35.f5 Rcg8 36.Qf4 gxf5 37.Rxh8 Rxh8
38.gxf5 exf5 39.Kf2 Ne7 40.Qg5+ Kf8 41.Qf6 Ng6 42.Qxf5 d3 43.Qxd3 Nxe5 44.Qd4 Rh5
45.Nh4 Qe7 46.Re1 Qf6+ 47.Kg2 Qg5+ 48.Kf2 Ng4+  0-1

[Event "10th OIBM"]
[Site "Bad Wiessee GER"]
[Date "2006.11.10"]
[Round "7"]
[White "Schoenberger,P"]
[Black "Zozulia,A"]
[Result "0-1"]
[WhiteElo "2193"]
[BlackElo "2363"]

1.e4 g6 2.d4 Bg7 3.Nc3 d6 4.Nf3 a6 5.a4 b6 6.Be3 Bb7 7.Be2 e6 8.O-O Nd7 9.Nd2 Ne7
10.Ra3 O-O 11.h4 d5 12.exd5 exd5 13.Nf3 Nf6 14.Ne5 Nf5 15.Bg5 h6 16.Bxf6 Qxf6
17.h5 Rfe8 18.hxg6 fxg6 19.Bd3 Nxd4 20.f4 c5 21.Qg4 Nf5 22.Nd1 h5 23.Qh3 Bc8
24.Qf3 Qd6 25.g4 hxg4 26.Nxg4 Nd4 27.Qg2 Bf5 28.Bxf5 Nxf5 29.Ne5 Bxe5 30.fxe5 Rxe5
31.Rh3 Rae8 32.Qh1 Qf6 33.Nc3 Qg5+ 34.Qg2 Qxg2+ 35.Kxg2 d4 36.Nd1 Kg7 37.c3 Re2+
38.Kg1 R8e4 39.Nf2 R4e3 40.Rxe3 dxe3  0-1

[Event "TCh-NED 2006-7"]
[Site "Netherlands NED"]
[Date "2006.11.11"]
[Round "3"]
[White "Willemze,T"]
[Black "Piket,M"]
[Result "1-0"]
[WhiteElo "2396"]
[BlackElo "2334"]

1.e4 g6 2.d4 Bg7 3.Nc3 d6 4.Be3 c6 5.Qd2 Nd7 6.O-O-O b5 7.Kb1 Nb6 8.Bd3 Rb8
9.h3 Be6 10.d5 Bd7 11.dxc6 Bxc6 12.Nf3 b4 13.Ne2 Nf6 14.e5 Ne4 15.Qe1 O-O
16.Nfd4 Bd5 17.f3 Nc5 18.exd6 exd6 19.Nb3 Nxd3 20.Rxd3 Bc4 21.Rd2 Re8 22.Qf2 Qe7
23.Bd4 Bh6 24.f4 Nd5 25.g3 a5 26.Nbc1 Qe4 27.Rhd1 Ne3 28.Bxe3 Qxe3 29.Nd4 Qxf2
30.Rxf2 Re3 31.b3 Bd5 32.Nf5 gxf5 33.Rxd5 Rxg3 34.Ne2 Rxh3 35.c4 bxc3 36.Rxa5 Re8
37.Rg2+ Kh8 38.Kc2 Bg7 39.Rxf5 Rhe3 40.Nc1 R8e7 41.Rfg5 f6 42.Rd5 f5 43.a4 Rh3
44.a5 h5 45.a6 Rh1 46.Ra5 Bd4 47.Ne2 Bc5 48.b4 Bxb4 49.a7  1-0

[Event "TCh-NED 2006-7"]
[Site "Netherlands NED"]
[Date "2006.11.11"]
[Round "3"]
[White "Van Blitterswijk,S"]
[Black "Bosboom Lanchava,T"]
[Result "1-0"]
[WhiteElo "2362"]
[BlackElo "2389"]

1.e4 d6 2.d4 g6 3.Nc3 Bg7 4.f4 Nf6 5.Nf3 O-O 6.Bd3 Na6 7.O-O c5 8.d5 Nc7
9.Qe1 Qe8 10.a4 Bd7 11.Qh4 a6 12.f5 b5 13.Bh6 c4 14.Be2 b4 15.Nd1 Nh5 16.Bxg7 Kxg7
17.Ne3 Bxa4 18.fxg6 fxg6 19.Ng5 h6 20.Bxh5 gxh5 21.Rxf8 Kxf8 22.Qg3 hxg5
23.Qxg5 Qf7 24.Rf1 Qxf1+ 25.Kxf1 Bd7 26.Qh6+ Kg8 27.Qg6+ Kf8 28.Qxh5 b3 29.cxb3 cxb3
30.g4 Kg7 31.Qg5+ Kf7 32.Nf5 Bxf5 33.Qxf5+ Kg7 34.Qd7 Rf8+ 35.Kg2 Nb5 36.Qxe7+ Rf7
37.Qg5+ Kf8 38.h4 Nd4 39.Qd8+ Kg7 40.Qxd6 Nf3 41.h5 Ne1+ 42.Kg3  1-0

[Event "TCh-NOR 2006-7"]
[Site "Oslo NOR"]
[Date "2006.11.12"]
[Round "3"]
[White "Elseth,R"]
[Black "Hagesaether,E"]
[Result "1/2-1/2"]
[WhiteElo "2344"]
[BlackElo "2193"]

1.e4 d6 2.d4 g6 3.Nc3 Bg7 4.Nf3 Nf6 5.h3 O-O 6.Be3 a6 7.a4 b6 8.Bd3 Bb7 9.O-O Nbd7
10.Qd2 e5 11.Rfe1 c6 12.Rad1 b5 13.Bg5 Qc7 14.axb5 cxb5 15.dxe5 dxe5 16.Qe3 Rfe8
17.Nh2 Qc5 18.Qf3 Qb4 19.Rb1 Rac8 20.Ng4 Nxg4 21.Qxg4 Nf6 22.Qe2 Re6 23.Bd2 Qf8
24.Na2 Rd8 25.Bb4 Qe8 26.Ra1 Bf8 27.Ba5 Rd7 28.Nc1 Nh5 29.g3 Bc5 30.Nb3 Ba7
31.Kh2 Rf6 32.Rf1 Ba8 33.Bd2 Qc8 34.Be3 Ng7 35.Bxa7 Rxa7 36.Bxb5 Rb6 37.Bd3 Ne6
38.Qe3 Qc7 39.Ra3 a5 40.Rfa1 Bc6 41.R1a2 a4 42.Nc5 Nxc5 43.Qxc5 Bd7 44.Qe7 Re6
45.Qg5 Rb7 46.b3 Qb6 47.Kg2 Rf6 48.Qd2 Qe6 49.h4 axb3 50.cxb3 Rxb3 51.Rxb3 Qxb3
52.Rb2 Qe6 53.Qh6 Qh3+ 54.Kg1 Rc6 55.Rb8+ Rc8 56.Rxc8+ Bxc8 57.Qg5 Qg4 58.Qxg4  1/2-1/2

[Event "Open"]
[Site "Liberec CZE"]
[Date "2006.11.16"]
[Round "7"]
[White "Hollmann,Z"]
[Black "Hruby,Va"]
[Result "1-0"]
[WhiteElo "2046"]
[BlackElo "1853"]

1.e4 d6 2.d4 g6 3.Nc3 Bg7 4.Nf3 a6 5.a4 Nd7 6.Bc4 Ngf6 7.Bxf7+ Kxf7 8.Ng5+ Kg8
9.Ne6 Qe8 10.Nxc7 Qf7 11.Nxa8 e5 12.d5 Nc5 13.f3  1-0

[Event "Nacional de Mestres"]
[Site "Barreiro POR"]
[Date "2006.11.17"]
[Round "4"]
[White "Pina,Vl"]
[Black "Leonardo,Joa"]
[Result "1-0"]
[WhiteElo "2253"]
[BlackElo "2282"]

1.e4 g6 2.d4 Bg7 3.Nc3 d6 4.Be3 c6 5.Qd2 Qa5 6.Bc4 Nf6 7.f3 Qc7 8.O-O-O h5
9.Kb1 Nbd7 10.h4 b5 11.Be2 Nb6 12.Re1 Rb8 13.Bf4 e5 14.Be3 Nc4 15.Bxc4 bxc4
16.dxe5 dxe5 17.Bc5 Bf8 18.Bxf8 Kxf8 19.Nd1 Kg7 20.Qc3 Rd8 21.Ne3 Be6 22.Nh3 Rd4
23.Ng5 Qb6 24.Nxe6+ fxe6 25.Rhg1 Kh7 26.Qa3 Qc7 27.c3 Rd2 28.Nxc4 Rf2 29.Qc5 Qd7
30.Qxf2  1-0

[Event "Open"]
[Site "Liberec CZE"]
[Date "2006.11.17"]
[Round "8"]
[White "Staberhofer,R"]
[Black "Leskovar,Mar"]
[Result "1-0"]
[WhiteElo "2211"]
[BlackElo "2373"]

1.d4 d6 2.e4 g6 3.Nc3 Bg7 4.Be3 a6 5.a4 b6 6.Qd2 e6 7.f3 Bb7 8.g4 h5 9.gxh5 Qh4+
10.Bf2 Qxh5 11.O-O-O Nf6 12.Be2 Bh6 13.Be3 Bxe3 14.Qxe3 Qh6 15.Kd2 Nc6 16.Qxh6 Rxh6
17.Ke3 O-O-O 18.Rd2 Rdh8 19.Bd3 e5 20.d5 Ne7 21.Rg2 Kb8 22.Nd1 Bc8 23.Nf2 Rh4
24.Ne2 Nh5 25.b4 Ka7 26.c4 Bd7 27.a5 bxa5 28.bxa5 c5 29.dxc6 Nxc6 30.c5 dxc5
31.Rc1 Nf4 32.Rgg1 Rxh2 33.Rxc5 Ng2+ 34.Kd2 Nh4 35.Ke3 f5 36.exf5 gxf5 37.Rg7 Rh7
38.Rxh7 Ng2+ 39.Kd2 Rxh7 40.Bxf5 Bxf5 41.Rxc6 Rd7+ 42.Kc3 Rd5 43.Rf6 Ne3
44.Ng3 Bb1 45.Rf7+ Ka8 46.Rf8+ Kb7 47.Rf7+ Kb8 48.Rf8+ Kc7 49.Rf7+ Kc8 50.Rf8+ Kd7
51.Rf7+ Ke8 52.Rb7 Ba2 53.Nfe4 Rd4 54.Ra7 Bc4 55.Nc5 Nd5+ 56.Kb2 Rd2+ 57.Kc1 Rf2
58.Nge4 Rxf3 59.Nd6+ Kf8 60.Ne6+ Kg8 61.Ra8+ Kh7 62.Ng5+  1-0

[Event "TCh-BEL 2006-7"]
[Site "Belgium BEL"]
[Date "2006.11.19"]
[Round "4"]
[White "Bolzoni,V"]
[Black "Verduyn,F"]
[Result "1-0"]
[WhiteElo "2203"]
[BlackElo "2237"]

1.e4 g6 2.d4 Bg7 3.Nc3 d6 4.Bc4 a6 5.Qf3 e6 6.d5 e5 7.a4 Ne7 8.Bg5 Nd7 9.Nge2 h6
10.Bd2 O-O 11.g4 f5 12.gxf5 gxf5 13.Rg1 f4 14.Qg2 Rf7 15.Bxf4 exf4 16.Nxf4 Kh7
17.Ne6 Qh8 18.e5 Nxe5 19.Qe4+ Kg8 20.f4 Nxc4 21.Qxc4 Nf5 22.O-O-O Ne3 23.Qe4 Nf5
24.Rd2 Bd7 25.Nxc7 Rc8 26.Ne6 Qh7 27.Rdg2 Kh8 28.Rg6 b5 29.axb5 axb5 30.Qb4 Bxe6
31.dxe6 Rfc7 32.Qxb5 Nd4 33.Qa6 Rc4 34.R1g2 Nf5 35.e7 Bxc3 36.Qxc4 Nxe7 37.Qe6 Bxb2+
38.Kxb2 Rb8+ 39.Kc1 Nxg6 40.Rxg6 Rb1+ 41.Kxb1 Qb7+ 42.Qb3  1-0

[Event "TCh-BEL 2006-7"]
[Site "Belgium BEL"]
[Date "2006.11.19"]
[Round "4"]
[White "Kaufeld,J"]
[Black "Deleyn,G"]
[Result "0-1"]
[WhiteElo "2308"]
[BlackElo "2307"]

1.e4 g6 2.d4 Bg7 3.Nc3 d6 4.f4 Nc6 5.Be3 Nf6 6.Nf3 O-O 7.Bd3 e6 8.Qd2 Nb4
9.Be2 a5 10.a3 Na6 11.O-O-O Bd7 12.e5 Nd5 13.Nxd5 exd5 14.h4 b5 15.h5 b4
16.hxg6 hxg6 17.f5 bxa3 18.Bh6 a2 19.Qe3 Qb8 20.Bxg7 a1=Q+ 21.Kd2 Qb4+ 22.c3 Qaxb2+
23.Ke1 Q2xc3+ 24.Qxc3 Qxc3+ 25.Kf2 f6 26.exf6 Rxf6 27.Bxf6 Kf7 28.Bg5 Nc5
29.dxc5 Bxf5 30.Rh7+ Kg8 31.Rxc7 dxc5 32.Rxd5 Re8 33.Rcxc5 Qb2 34.Rd2 Qb6
35.Rd5 Be4 36.Kg3 Bxd5 37.Rxd5 Rxe2 38.Rd8+ Kf7 39.Rd7+ Ke8 40.Rg7 a4 41.Nh4 Re6  0-1

[Event "1st GMA Cup"]
[Site "Manila PHI"]
[Date "2006.11.19"]
[Round "4"]
[White "Vakhidov,T"]
[Black "Donguines,F"]
[Result "1-0"]
[WhiteElo "2522"]
[BlackElo "2401"]

1.d4 g6 2.e4 Bg7 3.Nc3 d6 4.f4 Nf6 5.Nf3 O-O 6.e5 Nfd7 7.h4 c5 8.h5 cxd4
9.hxg6 hxg6 10.Qxd4 Nc6 11.Qf2 e6 12.exd6 Nf6 13.Bd2 Qxd6 14.O-O-O Rd8 15.Bc4 Bd7
16.f5 exf5 17.Bg5 Qb4 18.Qh4 Nh5 19.a3 Qb6 20.Rd6 Be6 21.Bxd8 Rxd8 22.Qxd8+ Qxd8
23.Rxd8+ Nxd8 24.Bxe6 Nxe6 25.Nd5 Ng3 26.Rd1 Ne4 27.c4 Kf8 28.Kc2 Ke8 29.b4 f4
30.Re1 f5 31.Nd2  1-0

[Event "1st GMA Cup"]
[Site "Manila PHI"]
[Date "2006.11.19"]
[Round "4"]
[White "Zhou Weiqi"]
[Black "Bancod,Ron"]
[Result "1-0"]
[WhiteElo "2435"]
[BlackElo "2375"]

1.e4 g6 2.d4 Bg7 3.Nc3 d6 4.Be3 a6 5.Bd3 Nd7 6.Nf3 Ngf6 7.h3 O-O 8.O-O c5
9.e5 dxe5 10.dxe5 Ne8 11.Qe2 Nc7 12.Rad1 Qe8 13.a4 Ne6 14.Nd5 b6 15.c4 Bb7
16.Bd2 b5 17.b3 bxa4 18.bxa4 Bc6 19.a5 Rb8 20.Rb1 Kh8 21.Bc3 Rxb1 22.Rxb1 Qa8
23.Qe3 Bxd5 24.cxd5 Nc7 25.Be4 Nxd5 26.Qd2 e6 27.Rd1 Rc8 28.Bxd5 exd5 29.Qxd5 Qxd5
30.Rxd5 Nf8 31.Rd6 Ra8 32.Ng5 Kg8 33.Rc6 Rb8 34.Ne4 Rb1+ 35.Kh2 Ne6 36.Rxa6 Rc1
37.Ra8+ Bf8 38.a6 Rc2 39.Ba5 Ra2 40.Bb6 Kg7 41.a7  1-0

[Event "19th Belgrade Trophy"]
[Site "Belgrade SRB"]
[Date "2006.11.22"]
[Round "1"]
[White "Sarenac,I"]
[Black "Stanojevic,B"]
[Result "0-1"]
[WhiteElo "2172"]
[BlackElo "2333"]

1.e4 g6 2.d4 Bg7 3.Nc3 d6 4.Be3 Nc6 5.Qd2 e5 6.Nge2 a6 7.O-O-O Rb8 8.f3 b5
9.Kb1 Bd7 10.g4 h5 11.g5 Nge7 12.Nd5 Nxd5 13.exd5 Ne7 14.dxe5 Bxe5 15.f4 Bg7
16.Bd4 Bxd4 17.Qxd4 O-O 18.Nc3 Bf5 19.Bd3 b4 20.Ne2 Re8 21.Ng3 Qd7 22.Be2 h4
23.Nxf5 Nxf5 24.Qf2 Ne3 25.Rd3 Qe7 26.Bf3 Nf5 27.Bg4 Qe4 28.Rc1 Ne3 29.Be2 Rb5
30.Bf1 Nf5 31.Rh3 Rxd5 32.Bd3 Rxd3 33.Rxd3 c5 34.Rd2 c4 35.Rdd1 Qe2 36.Qb6 Qxh2
37.Qxb4 Qxf4 38.Qa4 Re2 39.Qxa6 h3 40.Rf1 Qe5 41.Qxc4 h2 42.a4 Re4 43.Qb5 Ng3
44.Qxe5 dxe5 45.Rf3 Rg4 46.a5 Ne2 47.Rh3 Rg1 48.a6 Rxc1+ 49.Ka2 Rxc2 50.Rxh2 Nc1+
51.Kb1 Rc6 52.a7 Ra6 53.Kxc1 Rxa7  0-1

[Event "ch-ESP Abierto"]
[Site "Leon ESP"]
[Date "2006.11.22"]
[Round "1"]
[White "Vigil Alvarez,L"]
[Black "Cantalapiedra Vega,F"]
[Result "1-0"]
[WhiteElo "2324"]
[BlackElo "1928"]

1.d4 g6 2.e4 Bg7 3.Nc3 d6 4.Be2 Nd7 5.h4 h5 6.Nf3 Nh6 7.Ng5 c5 8.dxc5 Nxc5
9.Be3 Nd7 10.Bd4 O-O 11.Bxg7 Kxg7 12.Qd4+ Kg8 13.O-O-O Ne5 14.f3 Bd7 15.Kb1 Rc8
16.Nd5 Bc6 17.Qxa7 Bxd5 18.Rxd5 Qc7 19.Qa4 Ra8 20.Qb3 Rfc8 21.Rhd1 Nc6 22.R5d2 Na5
23.Qe3 Nc4 24.Bxc4 Qxc4 25.a3 Kg7 26.Qd4+ Qxd4 27.Rxd4 Rc7 28.Rb4 Ng8 29.Nh3 Nf6
30.Nf4 Ra5 31.Nd5 Nxd5 32.Rxd5 Rxd5 33.exd5 Kf6 34.Re4 e5 35.dxe6 fxe6 36.Kc1 e5
37.Kd2 d5 38.Rb4 d4 39.c3 dxc3+ 40.bxc3 Rd7+ 41.Kc2 Ke6 42.a4 Kf6 43.f4 exf4
44.Rxf4+ Ke5 45.Rb4 Ke6 46.Rb5 Kf6 47.g3 Ke6 48.Rg5 Kf6 49.a5 Rd6 50.Rb5 Rd7
51.Kb3 Rc7 52.Kb4 Ke6 53.c4 Kf6 54.Rg5 Kf7 55.Kb5 Kf6 56.Kb6 Re7 57.Rc5 Re3
58.Kxb7 Rxg3 59.a6  1-0

[Event "19th Belgrade Trophy"]
[Site "Belgrade SRB"]
[Date "2006.11.23"]
[Round "2"]
[White "Spasojevic,M"]
[Black "Vasiljevic,D"]
[Result "1-0"]
[WhiteElo "2188"]
[BlackElo "2292"]

1.e4 d6 2.d4 g6 3.Nc3 Bg7 4.Nf3 Nd7 5.Be2 a6 6.O-O e6 7.Bg5 Ne7 8.Qd2 h6
9.Be3 b6 10.Rad1 Bb7 11.Rfe1 Nf6 12.Qd3 O-O 13.h3 Kh7 14.a3 d5 15.exd5 Nfxd5
16.Nxd5 Nxd5 17.Bc1 Qd6 18.Ne5 Nf6 19.h4 Be4 20.Qd2 c5 21.Nc4 Qc7 22.dxc5 Qxc5
23.c3 Bd5 24.Qe3 Qxe3 25.Bxe3 Bxc4 26.Bxc4 b5 27.Be2 Nd5 28.Bd4 Bxd4 29.Rxd4 Ra7
30.Red1 Rc8 31.a4 Rb8 32.axb5 axb5 33.Bf3 Nb6 34.Rb4 Ra5 35.Be2 Nd5 36.Rb3 Kg7
37.g3 b4 38.Bf3 Nc7 39.Rd7 Na8  1-0